| 000 | 00639nam a22002057a 4500 | ||
|---|---|---|---|
| 005 | 20251108174813.0 | ||
| 008 | 250721s2008 xx 000 0 ara d | ||
| 020 | _a9953321221 | ||
| 082 | 1 | 4 | _a214.5/جوز |
| 100 | 1 | _aالجوزية، شمس الدين أبي عبد الله محمد بن ابي بكر بن ايوب | |
| 245 | 1 | 0 | _aالروح / |
| 264 | 1 |
_aبيروت : _bمؤسسة الرسالة، _c2008. |
|
| 300 | _a312ص. | ||
| 650 | 1 | 7 | _aالعقيدة الدينية |
| 650 | 1 | 7 | _aالروح |
| 650 | 1 | 7 | _aاليوم الآخر |
| 700 | 1 |
_aالأرنؤوط، شعيب _eحقق |
|
| 942 |
_2ddc _cBK |
||
| 999 |
_c118490 _d118490 |
||